Music Quiz

Random Music or Artist Quiz

90 Second Ego Lesson-2000's Quiz Stats

 Plays Quiz not verified by Sporcle

Score 0/11 Timer 01:30
0 Plays Today
% Correct
Wake Me Up When
92.1%
Bring Me to
86.1%
How You
84.2%
You Belong
81.2%
It
77.2%
Let Me Blow
76.2%
It's Gonna
68.3%
Pieces
68.3%
Without
67.3%
Don't Let Me
66.3%
You
59.4%

You're not logged in!

Compare scores with friends on all Sporcle quizzes.
OR
Log In

Sporcle TV

Today on Sporcle TV


Watch our educational content, quiz creation guides, and fun videos on Sporcle TV.

Show Comments

Extras

Top Quizzes Today


Score Distribution

Your Account Isn't Verified!

In order to create a playlist on Sporcle, you need to verify the email address you used during registration. Go to your Sporcle Settings to finish the process.

Report this User

Report this user for behavior that violates our Community Guidelines.

Details: